Operation of Large Scale Industry : A Case Study of Production Process and Personnel Management Practice in Kudremukh Iron Ore Company Limited Mangalore (Record no. 230325)

MARC details
000 -LEADER
fixed length control field 00505nam a22001457a 4500
005 - DATE AND TIME OF LATEST TRANSACTION
control field 20240314134924.0
008 - FIXED-LENGTH DATA ELEMENTS--GENERAL INFORMATION
fixed length control field 240314b ||||| |||| 00| 0 eng d
040 ## - CATALOGING SOURCE
Transcribing agency AL
041 ## - LANGUAGE CODE
Language code of text/sound track or separate title English
082 ## - DEWEY DECIMAL CLASSIFICATION NUMBER
Edition number 23
Classification number 622.341
Item number OPER
100 ## - MAIN ENTRY--PERSONAL NAME
Personal name Francis Fernandes
100 ## - MAIN ENTRY--PERSONAL NAME
9 (RLIN) 154283
245 ## - TITLE STATEMENT
Title Operation of Large Scale Industry : A Case Study of Production Process and Personnel Management Practice in Kudremukh Iron Ore Company Limited Mangalore
Remainder of title
650 ## - SUBJECT ADDED ENTRY--TOPICAL TERM
Topical term or geographic name entry element Project Report 1992-1995
9 (RLIN) 154282
942 ## - ADDED ENTRY ELEMENTS (KOHA)
Source of classification or shelving scheme Dewey Decimal Classification
Koha item type Project Report
Holdings
Withdrawn status Lost status Source of classification or shelving scheme Damaged status Not for loan Collection code Home library Current library Date acquired Total Checkouts Full call number Barcode Date last seen Price effective from Koha item type
    Dewey Decimal Classification   Not for loan General St Aloysius Library St Aloysius Library 03/14/2024   622.341 OPER D00404 03/14/2024 03/14/2024 Project Report